Ako daroval Buvik perinu tulákovi

Bibliographic Details
Main Author: Hevier, Daniel, 1955- (Author)
Format: Article
Language:Slovak
Subjects:

MARC

LEADER 00000nab a2200000 a 4500
001 vtls000568356
003 SK-MaSNL
005 20260305001858.0
008 240311c1995 xo 0 slo
015 |a SNBRB19rr/mm-uuuuu 
035 |a CL0568494 
040 |a SNKBUCL  |b slo  |c SNKBUCL  |e AACR2 
041 0 |a slo 
044 |a xo  |c SK 
080 |a 885.4-3(087.5)  |2 1981 
100 1 |a Hevier, Daniel,  |d 1955-  |4 aut  |9 103400 
245 1 0 |a Ako daroval Buvik perinu tulákovi  |c Daniel Hevier 
650 0 7 |a rozprávky autorské  |2 snkbucl  |9 315429 
655 7 |a články z novín a časopisov  |2 snkbucl  |9 267496 
655 7 |a články z odboru literárna veda a krásna literatúra  |2 snkbucl  |9 770045 
773 0 |t Bibiana  |g Roč. 3, č. 4 (1995), s. 19-20 
850 |a Slovenská národná knižnica v Martine  |a MTA001 
852 |a SNK  |b KIS3GCP 
958 |a RK 
958 |a LX 
958 |a SK 
992 |a RBX 
999 |c 3221968  |d 3223898